000 00564nam a2200229Ia 4500
003 OSt
005 20220918174017.0
006 a|||||r|||| 00| 0
007 ta
008 220917b |||||||| |||| 00| 0 eng d
024 _a9,775
037 _cTextual
040 _aARTS
_cARTS
_beng
041 _2eng
_aeng
082 _aQ:2:22:90V:76, J1-;1
100 _aMankad D R
_948773
245 0 _aPuranic chronology
260 _c1951
650 _aRELIGION
942 _hQ:2:22:90V:76, J1-;1
_cTEXL
_2CC
999 _c151388
_d151388